| 000 | 00509nam a2200145Ia 4500 | ||
|---|---|---|---|
| 008 | 210430s9999 xx 000 0 und d | ||
| 020 | _a978-0824740696 | ||
| 082 | _a662.6 L4771H | ||
| 100 | _aLee, Sunggyu. | ||
| 245 |
_aHandbook of alternative fuel technologies / _cLee, Sunggyu. |
||
| 260 |
_aBoca Raton : _bCRC Press, _c2007 |
||
| 300 | _a552 p. : | ||
| 856 | _uhttp://www.loc.gov/catdir/toc/ecip0618/2006024771.html | http://www.loc.gov/catdir/enhancements/fy0729/2006024771-d.html | ||
| 942 |
_cREF _2ddc |
||
| 999 |
_c565795 _d565795 |
||